000 01134nam a22003257a 4500
003 CHAP
005 20220329143302.0
008 080131d2006 co abd r 00110 spa d
010 _a94414
011 _a95386
020 _a9586311252
035 _a106009
040 _cCHAP
082 0 0 _a632.93
_bH8
100 1 _aHuertas Corredor, Gabriel
_956725
245 1 0 _aSanidad vegetal
_c/por Gabriel Huertas Corredor
260 _aBogota :
_bUniversidad Santo Tomás,
_c[2006]
300 _a535 p. :
_bilus. ; gráfs. ; cuadros
590 _aBATCH-UPD
_b10
_c20130110
_lUCH01
_h0452
590 _aCONVERSION
_b10
_c20130109
_lUCH01
_h1352
650 1 4 _aControl de plagas.
_927595
650 1 4 _aHorticultura.
_956291
650 1 4 _aManejo integrado de plagas.
_970365
650 1 4 _aSanidad vegetal.
_9102224
901 _aBK
942 _cLIBRO
949 _a632.93 H8
_bBC
_cLIBRO
_d33724002047405
_eLIBRO
_fc.2
_gI.c/e
_h109050
_i106009
_si
_t$131.40
949 _a632.93 H8
_bBC
_cLIBRO
_d33724002047520
_eLIBRO
_gI.c/e
_h109049
_i106009
_si
_t$131.40
949 _a632.93 H8
_bBC
_cLIBRO
_d33724002049199
_eLIBRO
_fc.3
_gI.c/e
_h109053
_i106009
_si
_t$190.00
999 _c94414
_d94414